The prime of life : (Record no. 50285)
[ view plain ]
| 000 -LEADER | |
|---|---|
| campo de control de longitud fija | 02858cam a2200301 i 4500 |
| 001 - NÚMERO DE CONTROL | |
| campo de control | 123105 |
| 005 - FECHA Y HORA DE LA ÚLTIMA TRANSACCIÓN | |
| campo de control | 20230410120715.0 |
| 008 - DATOS DE LONGITUD FIJA--INFORMACIÓN GENERAL | |
| campo de control de longitud fija | 160906s2015 maua 000 0 eng |
| 010 ## - NÚMERO DE CONTROL DE LA BIBLIOTECA DEL CONGRESO | |
| Número de control de LC | 2014040715 |
| 020 ## - NÚMERO INTERNACIONAL ESTÁNDAR DEL LIBRO | |
| Número Internacional Estándar del Libro | 9780674047679 (cloth : alkaline paper) |
| 050 14 - SIGNATURA TOPOGRÁFICA DE LA BIBLIOTECA DEL CONGRESO | |
| Número de clasificación | HQ 799.95 |
| Número de ítem | M667p 2015 |
| 082 00 - NÚMERO DE LA CLASIFICACIÓN DECIMAL DEWEY | |
| Número de clasificación | 305.240973 |
| 100 1# - ENTRADA PRINCIPAL--NOMBRE DE PERSONA | |
| Nombre de persona | Mintz, Steven, |
| Fechas asociadas al nombre | 1953- |
| 245 14 - MENCIÓN DEL TÍTULO | |
| Título | The prime of life : |
| Resto del título | a history of modern adulthood / |
| Mención de responsabilidad, etc. | Steven Mintz. |
| 260 ## - PUBLICACIÓN, DISTRIBUCIÓN, ETC. | |
| Lugar de publicación, distribución, etc. | Cambridge, Massachusetts : |
| Nombre del editor, distribuidor, etc. | The Belknap Press of Harvard University Press, |
| Fecha de publicación, distribución, etc. | 2015. |
| 300 ## - DESCRIPCIÓN FÍSICA | |
| Extensión | xvi, 409 p. ; |
| Dimensiones | 25 cm |
| 505 0# - NOTA DE CONTENIDO CON FORMATO | |
| Nota de contenido con formato | Prologue: The voyage of life -- The tangled transition to adulthood -- Achieving intimacy -- I do : the evolution of marriage -- I don't : alternatives to marriage -- The trials of parenthood -- Finding fulfillment in work -- The angst of adulthood -- Epilogue: Reclaiming adulthood. |
| 520 2# - RESUMEN, ETC. | |
| Sumario, etc. | "The first history of American adulthood, The Prime of Life examines how succeeding generations of Americans dealt with the primary tasks of adulthood: Navigating the passage from youth to maturity, achieving intimacy and connection, raising the next generation, experiencing work's pleasures and pains, and wresting meaning from life's losses and stresses. Highly attentive to class, ethnicity, gender, and race, this book draws upon a wealth of private letters and other previously untapped sources to challenge a host of misconceptions that distort public thinking today. These include the myths that the transition to adulthood was smoother and more seamless in the past and that adulthood was more stable and predictable than it has since become. But this book does something more. It underscores women's historical role in driving fundamental changes in attitudes toward love, friendship, marriage, childrearing, and work. It demonstrates the ways that social class has differentiated adult experience. It also reconstructs the emotional interior of a life stage too often treated as fit only for self-help books or novels dealing with the travails of the suburban middle class. It not only recaptures adulthood's joys and disappointments, its hopes and frustrated expectations, its soaring dreams and bitter regrets, it demonstrates that development across the life span is shaped less by psychology than by cultural and historical circumstances"--Provided by publisher. |
| 650 #0 - PUNTO DE ACCESO ADICIONAL DE MATERIA--TÉRMINO DE MATERIA | |
| Término de materia o nombre geográfico como elemento de entrada | Adulthood |
| Subdivisión geográfica | United States |
| Subdivisión general | History. |
| 650 #0 - PUNTO DE ACCESO ADICIONAL DE MATERIA--TÉRMINO DE MATERIA | |
| Término de materia o nombre geográfico como elemento de entrada | Adulthood |
| Subdivisión general | Social aspects |
| Subdivisión geográfica | United States |
| Subdivisión general | History. |
| 650 #0 - PUNTO DE ACCESO ADICIONAL DE MATERIA--TÉRMINO DE MATERIA | |
| Término de materia o nombre geográfico como elemento de entrada | Life change events |
| Subdivisión geográfica | United States |
| Subdivisión general | History. |
| 650 #0 - PUNTO DE ACCESO ADICIONAL DE MATERIA--TÉRMINO DE MATERIA | |
| Término de materia o nombre geográfico como elemento de entrada | Life cycle, Human |
| Subdivisión general | Social aspects |
| Subdivisión geográfica | United States |
| Subdivisión general | History. |
| 651 #0 - PUNTO DE ACCESO ADICIONAL DE MATERIA--NOMBRE GEOGRÁFICO | |
| Nombre geográfico | United States |
| Subdivisión general | Social conditions. |
| 650 #4 - PUNTO DE ACCESO ADICIONAL DE MATERIA--TÉRMINO DE MATERIA | |
| Término de materia o nombre geográfico como elemento de entrada | Adultos mayores |
| Subdivisión general | Aspectos sociales |
| Subdivisión geográfica | Estados Unidos. |
| 650 #4 - PUNTO DE ACCESO ADICIONAL DE MATERIA--TÉRMINO DE MATERIA | |
| Término de materia o nombre geográfico como elemento de entrada | Adultos mayores |
| Subdivisión general | Calidad de vida. |
| 650 #4 - PUNTO DE ACCESO ADICIONAL DE MATERIA--TÉRMINO DE MATERIA | |
| Término de materia o nombre geográfico como elemento de entrada | Vejez |
| Subdivisión general | Aspectos sociales |
| Subdivisión geográfica | Estados Unidos. |
| 942 ## - ELEMENTOS DE ENTRADA SECUNDARIOS (KOHA) | |
| Fuente del sistema de clasificación o colocación | Clasificación de Library of Congress |
| Tipo de ítem Koha | |
| Estatus retirado | Estado de pérdida | Fuente del sistema de clasificación o colocación | Estado de daño | No para préstamo | Colección | Biblioteca de origen | Biblioteca actual | Ubicación en estantería | Fecha de adquisición | Serial enumeration / chronology | Signatura topográfica completa | Código de barras | Visto por última vez | Copia número | Tipo de ítem Koha |
|---|---|---|---|---|---|---|---|---|---|---|---|---|---|---|---|
| Clasificación de Library of Congress | Ciencias Sociales | Biblioteca Juan Bosch | Biblioteca Juan Bosch | Ciencias Sociales (3er. Piso) | 10/04/2023 | 1 | HQ 799.95 M667p 2015 | 00000116380 | 24/10/2018 | 1 |
